Elements of Marketing / (Record no. 11868)

MARC details
000 -LEADER
fixed length control field 00693nam a2200241 i 4500
003 - CONTROL NUMBER IDENTIFIER
control field URS
005 - DATE AND TIME OF LATEST TRANSACTION
control field 20220117094913.0
008 - FIXED-LENGTH DATA ELEMENTS--GENERAL INFORMATION
fixed length control field 170527b xxu||||| |||| 00| 0 eng d
020 ## - INTERNATIONAL STANDARD BOOK NUMBER
International Standard Book Number 9710857614
040 ## - CATALOGING SOURCE
Description conventions rda
Transcribing agency College
Language of cataloging eng
050 00 - LIBRARY OF CONGRESS CALL NUMBER
Classification number HF5415
Item number Al66 1994
100 1# - MAIN ENTRY--PERSONAL NAME
Personal name Alminar, Ruby F.,
Relator term author
245 10 - TITLE STATEMENT
Title Elements of Marketing /
Statement of responsibility, etc. Alminar, Ruby F.
250 ## - EDITION STATEMENT
Edition statement Revised Edition.
264 #1 - PRODUCTION, PUBLICATION, DISTRIBUTION, MANUFACTURE, AND COPYRIGHT NOTICE
Place of production, publication, distribution, manufacture Mandaluyong City:
Name of producer, publisher, distributor, manufacturer National Book Store
Date of production, publication, distribution, manufacture, or copyright notice 1994.
300 ## - PHYSICAL DESCRIPTION
Extent xvi, 228 pages:
Other physical details illustrationss
Dimensions 23 cm.
336 ## - CONTENT TYPE
Source rdacontent
Content type term text
337 ## - MEDIA TYPE
Source rdamedia
Media type term unmediated
338 ## - CARRIER TYPE
Source rdacarrier
Carrier type term volume
500 ## - GENERAL NOTE
General note Includes bibliography
650 ## - SUBJECT ADDED ENTRY--TOPICAL TERM
Topical term or geographic name entry element Marketing.
942 ## - ADDED ENTRY ELEMENTS (KOHA)
Source of classification or shelving scheme Library of Congress Classification
Koha item type Filipiniana
Holdings
Withdrawn status Source of classification or shelving scheme Damaged status Not for loan Home library Current library Shelving location Date acquired Total Checkouts Full call number Barcode Date last seen Price effective from Koha item type Collection code
  Library of Congress Classification     Rodriguez College Library Rodriguez College Library Reference 05/27/2017   HF5415 Al66 1994 URSROD-0147 05/27/2017 05/27/2017 Filipiniana  
  Library of Congress Classification     Rodriguez College Library Rodriguez College Library Reference 05/27/2017   HF5415 Al66 1994 URSROD-0149 05/27/2017 05/27/2017 Filipiniana  
  Library of Congress Classification     Rodriguez College Library Rodriguez College Library Reference 05/30/2017   HF5415 Al66 1994 URSROD-0148 05/30/2017 05/30/2017 Filipiniana  
  Library of Congress Classification     Rodriguez College Library Rodriguez College Library Reference 05/30/2017   HF5415 Al66 1994 URSROD-0152 05/30/2017 05/30/2017 Filipiniana  
  Library of Congress Classification     Tanay College Library Tanay College Library General Stacks 01/13/2015   HF5415 .Al66 2007 URSTAN-N1155 06/14/2018 01/13/2015 Filipiniana Non-fiction
  Library of Congress Classification     Tanay College Library Tanay College Library General Stacks 11/29/2017   HF5415 .Al66 2007 URSTAN-D1235 11/29/2017 11/29/2017 Filipiniana Non-fiction
  Library of Congress Classification     Tanay College Library Tanay College Library General Stacks 05/29/2018   HF5415 .Al66 1994 URSTAN-D162 07/26/2022 05/29/2018 Filipiniana Non-fiction

University of Rizal System
Email us at univlibservices@urs.edu.ph

Visit our Website www.urs.edu.ph/library